ANGLAIS - TRADUCTION - Statistiques

Statistiques générales
  • Ce quiz a été pris 11 fois
  • Le résultat moyen est 3 sur 15
Statistiques - réponses
Hint Réponse % Correct
a seat un siège
89%
an opinion poll un sondage d’opinion
67%
a round un tour
67%
a voter un électeur
56%
liberal progressiste / de gauche
11%
a by-election une élection partielle
11%
a vote of no-confidence une motion de censure
11%
an office, a term of office un mandat
11%
a platform un programme
11%
right-wing ≠ left-wing de droite ≠ de gauche
0%
a general election des élections législatives
0%
the turnout le taux de participation
0%
a constituency une circonscription
0%
a law = an act = a statute une loi (votée)
0%
a bill un projet de loi
0%
Aucun quiz correspondant
Distribution des résultats
% des personnes avec chaque résultat
Percentile par nombre de réponses
Votre historique - résultats
Vous n’avez pas pris ce quiz